Noem de grootste en bekendste steden en plaatsen in Friesland - Statistieken

Algemene statistieken
  • Deze quiz is 7 keer genomen
  • De gemiddelde score is 10 van 23
Antwoordstatistieken
Antwoord % Correct
Harlingen
100%
Heerenveen
100%
Leeuwarden
100%
Bolsward
83%
Dokkum
83%
Sneek
83%
Drachten
67%
Franeker
67%
Lemmer
67%
Stavoren
67%
Workum
67%
Grou
33%
Joure
33%
Stiens
33%
Gorredijk
17%
Makkum
17%
Makkum
17%
Buitenpost
0%
Burgum
0%
Damwald
0%
Heeg
0%
Holwerd
0%
Oosterwolde
0%
Geen overeenkomende quizzen gevonden
Scoreverdeling
Procent van Mensen met Elke Score
Percentiel versus Aantal Correcte Antwoorden
Uw Scoregeschiedenis
U heeft deze quiz nog niet genomen